Günümüzde anti-emperyalist siyaset (Record no. 7140)

MARC details
000 -BAŞLIK
Sabit Uzunlukta Kontrol Alanı 00972na a2200265 4500
001 - KONTROL NUMARASI
Denetim Alanı 21456
003 - KONTROL NUMARASI IDENTIFIER
Denetim Alanı MIRAKIL
005 - SON İŞLEM TARİHİ VE ZAMANI
Denetim Alanı 20181213155129.0
008 - SABİT-BOY VERİ ELEMANLARI - GENEL BİLGİLER
Sabit Uzunlukta Kontrol Alanı 170204b tu 000 0
040 ## - KATALOGLAMA KAYNAK
Orijinal Kataloglama Ajansı Milas
Kataloglama Dili tur
Metne Dönüştürmek Ajansı TR-AnCHP
041 ## - DİL KODU
Metin / Ses Parça Veya Ayrı Başlığın Dil Kodu tur
082 ## - DEWEY ONLU SINIFLANDIRMA NUMARASI
Sınıflandırma Numarası 322.4
Ürün Numarası P37g 2003
090 ## - SINIFLAMA NUMARASI
Sınıflama Numarası 322.4 P37g 2003
100 ## - ANA GİRİŞ - KİŞİSEL İSİM
Kişisel Ad Petras, James
Bir Adıyla İlişkilendirilen Tarihler 1937-
245 ## - BAŞLIK TABLOSU
Başlık Günümüzde anti-emperyalist siyaset
Sorumluluk Tablosu, Vb James Petras ; Yazı işleri müdürü Mübarek Berkyürek
246 ## - UNVAN FORM VARYING
Başlık Doğru / Kısa Başlığı Anti-emperyalist siyaset
260 ## - YAYIN, DAĞITIM, VB
Yayın, Dağıtım, Vb Yeri İstanbul
Yayıncı, Dağıtıcı, Vs Adı Cosmopolitik
Yayın, Dağıtım, Vb Tarihi 2003
Üretici Firma Berdan Matbaacılık
300 ## - FİZİKSEL TANIM
Kapsam 31 s.
Diğer Fiziksel Ayrıntıları fotg.
Boyutlar 28 sm.
500 ## - GENEL NOT
Genel Not Uluslararası bir sol için elele, Anti-Emperyalist siyaset ; sınıf oluşumu ve sosyo-politik eylem, Latin Amerikada Emperyalizm ve direniş.
500 ## - GENEL NOT
Genel Not Cosmopolitik üç aylık Dünya Solu dergisi özel sayı 1
650 ## - KONU KATMA GİRİŞ - TOPİKAL DÖNEM
Topikal Süreli Veya Coğrafi Ad Giriş Elemanı Sol, Uluslararası
650 ## - KONU KATMA GİRİŞ - TOPİKAL DÖNEM
Topikal Süreli Veya Coğrafi Ad Giriş Elemanı Emperyalizm
Relator Terim Karşı hareketler
700 ## - KATMA GİRİŞ - KİŞİSEL İSİM
Kişisel Ad Berkyürek, Mübarek
942 ## - EKLENDİ GİRİŞ ELEMANLARI (KOHA)
Sınıflandırma Veya Raf Düzeni Kaynak Dewey Decimal Classification
Koha Öğesi Türü Books
999 ## - SİSTEM KONTROL NUMARALARI (KOHA)
Koha Biblionumber 7140
Koha Biblioitemnumber 7140
Holdings
Kalıcı Konum Mevcut Konum Edinme Tarihi Edinim Kaynak Toplam Check-Out'Lar Tam Çağrı Numarası Barkod Tarih Son Görülme İtibaren Geçerli Fiyatlar Koha Öğesi Türü
CHP Kütüphanesi CHP Kütüphanesi 02/04/2017 Bağış   322.4 P37g 2003 015523 02/04/2017 02/04/2017 Books